Partir de l'homme... (the root es man) (Record no. 105865)

MARC details
000 -LEADER
campo de control de longitud fija 00876nam a2200253 i 4500
001 - NÚMERO DE CONTROL
campo de control 105865
003 - IDENTIFICADOR DE NÚMERO DE CONTROL
campo de control ES-MaACL
005 - FECHA Y HORA DE LA ÚLTIMA TRANSACCIÓN
campo de control 20250727062606.0
007 - CAMPO FIJO DE DESCRIPCIÓN FÍSICA--INFORMACIÓN GENERAL
campo de control de longitud fija t|
008 - DATOS DE LONGITUD FIJA--INFORMACIÓN GENERAL
campo de control de longitud fija 060905s1948 fr ||||1| fre d
080 ## - NÚMERO DE LA CLASIFICACIÓN DECIMAL UNIVERSAL
Número de la Clasificación Decimal Universal 330.84/.86
100 1# - ENTRADA PRINCIPAL--NOMBRE DE PERSONA
Nombre de persona MacDonald, Dwight.
9 (RLIN) 75107
245 10 - MENCIÓN DEL TÍTULO
Título Partir de l'homme... (the root es man)
Resto del título : examen critique des fondements de l'action socialiste /
Mención de responsabilidad, etc. Dwight MacDonald ; traduit de l'anglais par J. Moreau ; préface de G. Gortély.
260 ## - PUBLICACIÓN, DISTRIBUCIÓN, ETC.
Lugar de publicación, distribución, etc. Paris :
Nombre del editor, distribuidor, etc. René Lefeuvre,
Fecha de publicación, distribución, etc. [1948]
300 ## - DESCRIPCIÓN FÍSICA
Extensión XVII, 141 p. ;
Dimensiones 19 cm.
490 1# - MENCIÓN DE SERIE
Mención de serie Spartacus. 2e. série ;
Designación de volumen o secuencia 7
500 ## - NOTA GENERAL
Nota general Biblioteca Juan Andrade.
650 17 - PUNTO DE ACCESO ADICIONAL DE MATERIA--TÉRMINO DE MATERIA
Término de materia o nombre geográfico como elemento de entrada Socialismo
Fuente del encabezamiento o término embne
9 (RLIN) 17147
700 1# - ENTRADA AGREGADA--NOMBRE PERSONAL
Nombre de persona Moreau, J.
9 (RLIN) 83209
700 1# - ENTRADA AGREGADA--NOMBRE PERSONAL
Nombre de persona Gortély, G.
9 (RLIN) 59235
830 0# - PUNTO DE ACCESO ADICIONAL DE SERIE-TÍTULO UNIFORME
Título uniforme Spartacus. 2e. série ;
Designación de volumen o secuencia 7
9 (RLIN) 185113
852 ## - LOCALIZACIÓN
Ubicación ES-MaACL
Número de control de estantería AND-702
Sublocalización o colección R.109998
Holdings
Estatus retirado Estado de pérdida Estado de daño No para préstamo Biblioteca de origen Biblioteca actual Ubicación en estantería Fecha de adquisición Fuente de adquisición Total de préstamos Signatura topográfica completa Código de barras Visto por última vez Precio de reemplazo Tipo de ítem Koha
        Biblioteca del Ateneo de Madrid Biblioteca del Ateneo de Madrid Depósito 2 17/01/2008     AND-702 1110524 23/02/2023 23/02/2023 Libro impreso